[Event "Candidates Tournament"]
[Site "Kazan"]
[Date "2011.05.12"]
[Round "2.1"]
[White "Kamsky, Gata"]
[Black "Gelfand, Boris"]
[Result "1/2-1/2"]
[WhiteElo "2732"]
[BlackElo "2733"]
[Annotator "Marin,M"]
[PlyCount "72"]
[EventDate "2011.05.05"]
[EventType "k.o."]
[EventRounds "3"]
[EventCountry "RUS"]
[SourceTitle "CBM 143"]
[Source "ChessBase"]
[SourceDate "2011.07.15"]
[SourceVersion "1"]
[SourceVersionDate "2011.07.15"]
[SourceQuality "1"]

1. e4 c5 2. Nf3 d6 3. d4 cxd4 4. Nxd4 Nf6 5. Nc3 a6 6. Be3 e5 7. Nf3 Be7 8. Bc4
O-O 9. O-O Be6 ({Deviating from} 9... Nc6 {, which failed to achieve the
desired equality in the first quarter-final game against Mamedyarov.}) 10. Bb3
Nc6 11. Qe2 Na5 {The only way of keeping up the fight for the d5-square. Since
the exchange on e6 would strengthen Black's centre, White has to give up the
bishop pair.} 12. Rfd1 {[%cal Gf3e5]} ({Much better than} 12. Rad1 {, because
the queen's rook will be useful on the a-file.}) 12... Nxb3 ({In the second
rapid game, Gelfand preferred} 12... Qc7 13. Bg5 Rac8) 13. axb3 Qc7 14. Bg5 {
[%csl Gd5][%cal Gg5f6] Aiming to exchange an important defender of the
d5-square.} Nh5 {Black offers the exchange of bishops, which allows White to
carry out an effective tactical operation.} (14... Rac8 15. Bxf6 Bxf6 {would
transpose to the aforementioned rapid game.}) 15. Nxe5 $1 Bxg5 {The only way
to maintain material equality.} 16. Qxh5 Bf6 17. Nf3 $1 {This retreat to a
square which had been occupied by the knight before is not a loss of time.
After the predictable exchange on c3, d4 will become the knight's optimal
square.} Bxc3 18. bxc3 Qxc3 {The position has been simplified and Black has a
completely normal development. His most active piece is the queen, causing
White some problems of coordination. However, White has some important trumps
that will be noticed in the long run. The bishop has no targets at all and the
knight certainly is strong in the centre. White's structure is more flexible
and the c2-pawn is likely to get to c4, since the queen is not the best
blocking piece.} 19. Nd4 Rfe8 (19... Rac8 {does not make too much difference.}
20. Qa5 Qxa5 21. Rxa5 Rc3 22. f3 Rd8 23. Rd2 Kf8 24. Ne2 Rcc8 25. c4 $14 {
Efimenko,Z (2680)-Najer,E (2682)/Germany 2008/CBM 126 Extra (0-1, 60)}) 20. Qa5
$1 {An essential element in White's general plan. Unblocking c3 is crucial. An
alternative plan would be preparing an attack with a rook lift to the third
rank, but this is not easy to achieve.} (20. Ra2 $6 Rac8 21. Rd3 $4 Qe1#) (20.
Rac1 $6 Rac8 21. Rd3 $2 Qxd3 $1) ({Seirawan suggested} 20. Rab1 $5 {, but this
allows Black counterplay along the a-file:} a5 21. Rd3 Qc5 22. Qxc5 $5 dxc5 23.
Nxe6 Rxe6 24. Rd7 (24. f3 {is too slow in view of} Kf8 {, allowing the
defensive ...Re7 if needed.}) 24... Rxe4 25. Rxb7 g6 {[%cal Gc5c4,Ga5a4]
followed by ...a4 or ..c4 with perfect equality.}) 20... Rac8 {Of course,
Black has no intention of abandoning the c3-square without a fight.} 21. f3 $1
$146 {A subtle novelty, forcing Black to release the tension.} ({Previously,} 
21. Qxc3 {was played.} Rxc3 22. f3 Kf8 23. Kf2 Rec8 24. Rd2 Ke7 {with a couple
of extra tempi for Black with respect to our main game in Oleksienko,M (2585)
-Brodsky,M (2550)/Poltava 2008/CBM 127 Extra (1/2, 67)}) ({The game move
overprotects e4 and avoids back rank problems, thus threatening 22.Rd3. In the
event of of the hurried} 21. Rd3 {, Black gets counterplay with} Qxa5 22. Rxa5
f5 $1 23. exf5 $140 $6 Bxf5 $1 $17) 21... Qxa5 (21... Kf8 22. Rd3 $14) 22. Rxa5
Rc3 23. Kf2 Kf8 24. Rda1 {Another deviation from Oleksienko's plan. Kamsky
rightly considers that the rook has nothing to do on the d-file for the time
being.} Rec8 25. Ke1 Ke7 26. Kd2 {[%cal Ga1a2,Gd4e2,Gc2c4]} R3c5 27. R5a4 $1 {
In order to retain a tangible advantage, White has to avoid piece exchanges.} (
{After} 27. c4 Rxa5 28. Rxa5 Rc5 29. Ra1 Bd7 {Black's defence is easier to
carry out.}) 27... f5 {A highly committal move.} (27... Bd7 28. Rb4 R8c7 29.
Rb6 $14 f6 {Preparing ...d5 without fearing e4-e5.} 30. c4 f5 $2 31. exf5 Bxf5
$2 32. b4 $1 $18) 28. Rb4 R8c7 29. exf5 Bxf5 30. Re1+ Kf7 {Black has
eliminated the e4-pawn, but has not improved his own structure one single bit.
Besides, his king is starting to feel uncomfortable in the centre.} 31. Rb6 {
This looks natural, but allows Black to stabilise his position.} (31. Nxf5 $5
Rxf5 32. Rd4 $14 {would lead to an unpleasant position for Black. Any ending 
(rook or pawn) would be considerably worse for him.}) 31... Rd5 $1 32. c3 Bc8
33. b4 Re7 $1 {[%cal Gf7e8,Ge8d8,Gd8c7]} 34. Ra1 Ke8 35. b5 Rc7 ({Seirawan
pointed out that} 35... a5 $2 36. Rxa5 Kd8 {fails to} 37. Ra7 $16 Kc7 $2 38.
Rba6 $1) 36. bxa6 bxa6 {White's position remains microscopically better, but
any way of making progress is far from obvious.} 1/2-1/2

[Event "Candidates Tournament"]
[Site "Kazan"]
[Date "2011.05.13"]
[Round "2.2"]
[White "Gelfand, Boris"]
[Black "Kamsky, Gata"]
[Result "1/2-1/2"]
[WhiteElo "2733"]
[BlackElo "2732"]
[Annotator "Moradiabadi,E"]
[PlyCount "132"]
[EventDate "2011.05.05"]
[EventType "k.o."]
[EventRounds "3"]
[EventCountry "RUS"]
[SourceTitle "CBM 143"]
[Source "ChessBase"]
[SourceDate "2011.07.15"]
[SourceVersion "1"]
[SourceVersionDate "2011.07.15"]
[SourceQuality "1"]

1. d4 Nf6 2. c4 g6 3. Nc3 d5 {Not a surprise. The Grünfeld has become Kamsky's
usual "pet" line in matches, and it worked pretty well in the quarter-final
against Topalov.} 4. Bg5 {Gelfand chooses a solid line which is in accordance
with his "strategy" in this event. He has not taken drastic measures with
White so far, and stays faithful to this approach once more.} Ne4 5. Bh4 Nxc3
6. bxc3 dxc4 $5 {A correct decision by Kamsky. He is fully aware of his
opponent's skill in technical positions, therefore it is logical to avoid
simplifications, which are mostly forced after 6...c5.} 7. e3 Be6 8. Nf3 Bg7 9.
Be2 c5 10. O-O O-O 11. Rb1 {A rare choice by Gelfand.} (11. Ng5 Bd5 12. e4 h6 {
is the sharp line which has been favoured by the players so far.}) 11... Bd5 {
Not a novelty, but a rare choice of which I am sceptical.} (11... cxd4 12. Nxd4
Bd5 13. f3 b6 14. e4 Bb7 15. Bxc4 Nc6 {and Black had no problems in the very
recent Vuckovic,B (2626)-Sanikidze,T (2542)/Aix les Bains 2011/CB13_2011 (40)
1/2-1/2}) 12. Qc2 {Now White threats e4, and I believe that Gelfand had
managed to obtain a small plus at this point.} cxd4 13. cxd4 b6 $6 {But this
is too much. Kamsky's plan is too slow, and now White is going to develop a
strong initiative by gaining full control over the c-file.} 14. Bxc4 Nc6 15.
Rfc1 Bxc4 16. Qxc4 Na5 17. Qc7 $1 {Simple and effective. Now White's chances
in the upcoming ending are indisputable.} f6 18. Qxd8 Rfxd8 19. Rc7 Kf7 20.
Rbc1 Ke8 21. Bg3 (21. g4 $5 Rd7 22. Bg3 {was an alternative which adds the
g-pawn to White's strong arsenal.}) 21... Bh6 22. Kf1 Rd7 23. Rxd7 Kxd7 24.
Rc7+ Ke8 25. Nd2 {Black is running out of moves while White is just improving
his pieces.} b5 26. Ne4 a6 27. Nc3 $2 {Gelfand has conducted the game
masterfully so far, but here he goes astray for the first time in this game.
White had not one, but two very strong continuations here.} ({The first was
the strong tactical} 27. Bd6 $1 Bf8 ({The point is that if the bishop is taken
with} 27... exd6 {White's rook is treated to a self-service buffet in Black's
position.} 28. Rxh7 Bf8 29. Nxf6+ Kd8 30. Rd7+ Kc8 31. Rf7 Bh6 32. h4 $1 {
and the bishop has nowhere to hide.}) 28. Bc5 Nc4 29. Nc3 Rd8 30. Rc6 $1) ({
The second choice is the more positional squeeze with} 27. Nc5 $1 Bf8 28. d5 $1
Nc4 29. Ke2 h5 30. Ne6 {Black is completely tied down here.}) 27... Bf8 28. Nd5
Rd8 29. e4 $2 {This was Gelfand's last chance to maintain control of the game
and his advantage. Unfortunately, this pawn move lets Black simplify, which
will give him some counterplay.} ({Gelfand could go for a more timid but more
effective} 29. Nf4 Kf7 30. Nd3 Nc4 31. Ke2 Re8 32. Nc5 Ra8 (32... a5 33. a4 $1
bxa4 $4 34. Ne4 $18 {If the knight moves, Nd6+ ends it.}) 33. d5 {and White
would have pushed Black's pieces off the board.}) 29... f5 $1 {Kamsky seizes
his chance!} 30. f3 fxe4 31. fxe4 Rd7 32. Ke2 Bg7 33. Bf2 e6 34. Rc8+ Kf7 {
Kamsky has managed to pull himself out of the fire. After the more or less
forced sequence that follows, he manages to keep the balance.} 35. Nb6 Rb7 36.
d5 ({The computer likes} 36. Na8 b4 (36... Nc4 $2 37. Rc7+ {wins a pawn}) 37.
e5 b3 38. axb3 Nxb3 39. Nc7 Nc1+ {after which White has some pressure,
nevertheless Black should be able to hold due to reduced material on the board.
}) 36... exd5 37. exd5 Be5 38. Ra8 Nc4 39. Rxa6 Nxb6 40. Bxb6 Bxh2 41. Kf3 Rd7
42. Ke4 Re7+ 43. Kd3 Rd7 44. Kd4 Bg1+ 45. Ke4 Re7+ 46. Kf4 Bxb6 47. Rxb6 Re2
48. g4 h5 $1 {An active move which accelerates the simplifications. The fate
of the game is sealed. Kamsky has slipped through Gelfand's hands.} 49. Rb7+
Kf8 50. g5 h4 51. Rh7 b4 52. Rxh4 Ke7 53. Rh6 Rxa2 54. Rxg6 Rd2 55. Re6+ Kf7
56. Ke5 b3 57. Rf6+ Kg7 58. Rb6 b2 59. d6 Kg6 60. Ke6 Re2+ 61. Kd5 Rd2+ 62. Kc6
Kxg5 63. d7 Rc2+ 64. Kd6 Rd2+ 65. Ke6 Re2+ 66. Kf7 Rf2+ {If the Black rook
were on b1 and White's king on d8 it would be winning for White with the help
of the famous manoeuvre from Lasker-Keres or Lasker-Keres-Mahjoob (the latter
term has a funny story in Iranian chess!).} 1/2-1/2

[Event "Candidates Tournament"]
[Site "Kazan"]
[Date "2011.05.14"]
[Round "2.3"]
[White "Kamsky, Gata"]
[Black "Gelfand, Boris"]
[Result "1/2-1/2"]
[WhiteElo "2732"]
[BlackElo "2733"]
[Annotator "Kritz,L"]
[PlyCount "108"]
[EventDate "2011.05.05"]
[EventType "k.o."]
[EventRounds "3"]
[EventCountry "RUS"]
[SourceTitle "CBM 143"]
[Source "ChessBase"]
[SourceDate "2011.07.15"]
[SourceVersion "1"]
[SourceVersionDate "2011.07.15"]
[SourceQuality "1"]

1. e4 c5 2. Nf3 d6 3. d4 cxd4 4. Nxd4 Nf6 5. Nc3 a6 6. Be3 e5 7. Nb3 (7. Nf3
Be7 8. Bc4 O-O 9. O-O Be6 10. Bb3 Nc6 11. Qe2 Na5 12. Rfd1 Qc7 13. Bg5 Rac8
$132 {Kamsky-Gelfand (Kazan 2011)}) 7... Be7 (7... Be6 8. Qd2 (8. f3 h5 9. Qd2
Nbd7 {->8.Qd2}) 8... Nbd7 (8... Ng4 $2 9. Bg5 Be7 10. Bxe7 Qxe7 11. f3 Nf6 12.
O-O-O $16) 9. f3 {führt zu vielen langen, komplexen Varianten.}) 8. h3 $5 {
Dieser Zug wird sehr selten gespielt, obwohl er natürlich viele interessante
Ideen mit sich bringt.} (8. f3 Be6 9. Qd2 Nbd7 {->7....Be6}) 8... Be6 9. Qf3 {
Was Weiss will, ist lang zu rochieren und später die Bauern auf dem
Königsflügel aufzurollen. Das große Problem dabei ist, dass, wenn Weiß g4
spielt, und Schwarz ...h6 antwortet, Weiß dann nicht h4 spielen kann, weil der
Bauer g4 hängt.} Nbd7 10. g4 (10. Nd5 Bxd5 11. exd5 e4 12. Qg3 O-O 13. c4 b5
14. Nd4 Ne5 15. cxb5 Nxd5 $15 {Casareno-Shirov (Toronto 2010) ^}) 10... h6 11.
O-O-O Rc8 {Unter Umständen kann nun Schwarz auch auf c3 einschlagen.} (11...
Qc7 12. Kb1 b5 13. Qg2 Nb6 14. Bxb6 Qxb6 15. f4 Rc8 16. f5 Bc4 17. Nd2 Qb7 18.
Bxc4 bxc4 19. Ka1 $16 {Navin-Surendran (Kochi 2011)}) 12. Nd5 Bxd5 13. exd5 Nb6
14. h4 {Weiß verliert den Bauern, hat jedoch Kompensation dafür. Ob das ein
Opfer war, ist fraglich. Vielleicht könnte man 14.Kb1 spielen, um den
Bauernverlust zu vermeiden.} (14. Kb1 e4 (14... Qc7 15. c3 {und nun
funktioniert derselbe Trick wie in der Partie nicht:} Nbxd5 $2 16. Rxd5 Qc6 17.
c4 $1 Nxd5 18. Qxd5 $18) 15. Bxb6 (15. Qg2 Nbxd5 $15) 15... Qxb6 (15... exf3
16. Bxd8 Bxd8 17. Nd2 $14) 16. Qe2 $14) 14... Qc7 15. c3 Nbxd5 $1 {Der
Springer ist tabu.} 16. Bd2 (16. Rxd5 Qc6 17. Bg2 (17. c4 Qxd5 18. Qxd5 Nxd5
$19) 17... e4 18. Qf5 g6 $1 (18... Qxd5 19. Qxc8+ $18) (18... Nxd5 19. Bxe4 $18
) 19. Rxd6 (19. Qf4 Nxd5 20. Qxe4 Nxe3 $19) 19... gxf5 20. Rxc6 Rxc6 21. Nd4
Nxg4 $1 (21... Rc7 22. Nxf5 Nxg4 23. Bb6 Rc6 24. Bd4 Nf6 25. Bxe4 $44) 22. Nxc6
bxc6 $15) 16... Nb6 {Interessant wäre 16....Nb4. Es sieht so aus, als ob
Schwarz dadurch den Damentausch erzwingen könnte.} (16... Nb4 $5 17. g5 Nd7 18.
Kb1 (18. gxh6 gxh6 19. Bg2 Qc6 20. Qh3 Qa4 $17) 18... Qc6 19. Bg2 Qxf3 20. Bxf3
Nc6 $15) 17. g5 Nfd7 18. gxh6 gxh6 {In der entstandenen Stellung hat Weiß
sicherlich gute Kompensation für den Bauern, weil der schwarze König keine
Ruhe findet und die weißen Felder sehr schwach sind.} 19. Kb1 Qc6 20. Qh3 $1 {
Klare Sache, Weiß muss die Damen auf dem Brett behalten.} d5 (20... Nc4 21. Bc1
a5 22. Nd2 Nxd2+ 23. Bxd2 d5 24. f4 e4 25. Be3 $14 {und Weiß steht einfach
besser.}) 21. Be2 {Auch 21.f4 ist interessant. Weiß will alle Figuren ins
Spiel bringen und erst dann die Stellung forcieren.} (21. f4 $5 e4 22. Be2 Nc4
23. Bxc4 Qxc4 24. Rhg1 $44) 21... Nc4 22. Bc1 Nf6 23. Rhe1 {Jetzt wäre es Zeit,
um aktiv zu werden.} (23. f4 $5 e4 (23... Ne4 24. Bxc4 dxc4 25. Na5 $16) 24.
Rhg1 Qd7 25. f5 $36 {Weiß hat eine sehr gefährliche Initiative.}) 23... Qe6 {
Nun kommen alle schwarze Figuren ins Zentrum und seine Stellung wird etwas
angenehmer.} 24. Qh2 (24. Qxe6 fxe6 25. Bxc4 Rxc4 (25... dxc4 26. Nd2 Rc5 $15)
26. Rxe5 Re4 27. Rxe4 Nxe4 28. f3 Ng3 $15) 24... Qf5+ 25. Ka1 {Die schwarzen
Figuren dominieren das Zentrum und Weiß kann nicht an den schwarzen König
rankommen.} Kf8 26. f3 Bd6 27. Qg1 {Weiß versucht es von allen Seiten - es
droht Qa7.} Bb8 28. Bd3 {Weiß hätte mittels 28.Bxc4 gleich in Vorteil kommen
können.} (28. Bxc4 $5 Rxc4 (28... dxc4 29. Nc5 $1 Ba7 (29... Qxf3 30. Rf1 Qg4
31. Nd7+ $18) 30. Be3 Rb8 31. Qf1 $18) 29. Qb6 Bc7 (29... Qxf3 30. Rf1 $18) 30.
Qxb7 Kg7 31. Qa7 $14) 28... Qh5 $2 (28... Qe6 29. Nd4 Qb6 30. Nf5 Qxg1 31. Rxg1
$16) 29. Qh1 $2 {Das kann kaum gut sein, allein schon weil die Dame auf h1
sehr passiv steht. Stattdessen konnte Weiß den Punkt sichern:} (29. Bxc4 $1
Rxc4 (29... dxc4 30. Na5 Rg8 31. Qb6 $18 {Schwarz ist total verloren.}) 30. Qb6
Qf5 31. Nc5 Kg7 32. Rg1+ Kh7 33. Qxb7 $18) 29... Ba7 30. Qh3 Re8 {Der Turm
müsste auf der c-Linie bleiben, um auf c4 nehmen zu können.} (30... Rc6 $1 31.
Bxc4 $6 Rxc4 $15) 31. Bxc4 {Endlich!} dxc4 32. Na5 $2 {Und gleich wieder ein
Fehlgriff. Der Springer sollte nach d2 laufen.} (32. Nd2 b5 33. Ne4 Nxe4 34.
fxe4 $14 {Weiß hat mehr als nur Kompensation. Er will Rd6/Rd7/Rf1 spielen, der
schwarze König ist nun wirklich in Gefahr.}) 32... e4 33. Nxc4 Qxf3 34. Qh2 (
34. Qxf3 $2 exf3 $17) 34... Ng4 (34... Bf2 $5 35. Rf1 Ng4 36. Qc7 {->34....Ng4}
) 35. Qc7 (35. Qd6+ Kg7 36. Qd5 $13) 35... Bf2 36. Rf1 e3 37. Bxe3 $4 {Hübsche,
aber falsche Kombination. Wahrscheinlich waren beide Spieler in Zeitnot.} Nxe3
38. Ne5 Qf5 $2 {Schwarz lässt den Sieg aus. Es gewann 39...Qh5. Es ist jedoch
sehr schwer unter Zeitdruck solchen Zug zu finden.} (38... Qh5 $1 39. Qc5+ (39.
Rd7 Qxe5 40. Rxf7+ (40. Qxe5 Rxe5 41. Rxf2 Rf5 $19) 40... Kg8 41. R1xf2 Qxc7
42. Rxc7 Rh7 $19) 39... Kg7 {und Weiß kann den Springer auf e3 nicht nehmen,
wie er es in der Partie gemacht hat.} 40. Rg1+ Bxg1 41. Rxg1+ Kh7 42. Qxe3 Qxe5
$19) 39. Qc5+ Kg7 (39... Re7 40. Qxe3 Bxe3 41. Rxf5 Rg8 42. Kb1 $11) 40. Qxe3
Rxe5 {Und das entstehende Turmendspiel ist Remis.} 41. Qxf2 Qxf2 42. Rxf2 Rhe8
43. Rg1+ Kf8 44. Kb1 Re2 45. Rf4 R8e4 46. Rgf1 Re1+ 47. Kc2 R4e2+ (47... Rxf1
48. Rxe4 $11) 48. Kb3 Rxf1 49. Rxf1 Kg7 (49... Re4 $5 50. Rf6 h5 51. Rb6 Rxh4
52. Rxb7 $13 {mit sehr unklaren Folgen, es kann jedoch sein, dass die Chancen
von Schwarz besser sind, weil sein Bauer schon auf h5 steht.}) 50. Rf4 Re6 51.
a4 Kg6 52. Kc4 f5 53. a5 Kf6 54. Kd3 Re7 1/2-1/2

[Event "Candidates Tournament"]
[Site "Kazan"]
[Date "2011.05.15"]
[Round "2.4"]
[White "Gelfand, Boris"]
[Black "Kamsky, Gata"]
[Result "1/2-1/2"]
[WhiteElo "2733"]
[BlackElo "2732"]
[Annotator "Marin,M"]
[PlyCount "45"]
[EventDate "2011.05.05"]
[EventType "k.o."]
[EventRounds "3"]
[EventCountry "RUS"]
[SourceTitle "CBM 143"]
[Source "ChessBase"]
[SourceDate "2011.07.15"]
[SourceVersion "1"]
[SourceVersionDate "2011.07.15"]
[SourceQuality "1"]

1. d4 Nf6 2. c4 g6 3. Nc3 d5 4. Bg5 Ne4 5. Bh4 Nxc3 6. bxc3 dxc4 7. e3 Be6 8.
Nf3 c5 9. Be2 Bg7 10. O-O O-O 11. Rb1 cxd4 ({Deviating from} 11... Bd5 {
, which left him in a very passive position in the second game of the match.})
12. Nxd4 {The most natural move, harassing the enemy bishop. In this kind of
position, I cannot help remembering the old recommendation to develop knights
first and only then bishops.} Bd5 13. Qc2 Qd7 14. Rfd1 $1 $146 {A logical
developing move, which surprisingly was never tried before. Black needs to
find a remedy against e3-e4.} ({Previously,} 14. e4 {was played:} Bc6 15. Bxc4
Bxd4 16. cxd4 Qxd4 {Black's hyper-activity and the vulnerability of the
e4-pawn compensate for the absence of the g7-bishop and the delay in
development.} 17. Rbd1 Qxe4 18. Qxe4 Bxe4 19. Rfe1 Bf5 20. Bxe7 Re8 21. f3 Nc6
22. Bf6 Rxe1+ 23. Rxe1 Be6 24. Bxe6 Re8 25. Bxf7+ Kxf7 {1/2 Moiseenko,A (2676)
-Kurnosov,I (2602)/Moscow 2009/CBM 129}) 14... Bxd4 {If this is necessary,
then something must have been wrong in Black's previous play.} 15. cxd4 {
Creating a strong pawn centre.} (15. Rxd4 {allows Black to develop with gain
of time with} Nc6 {A few weeks after the Candidates, the following game was
played:} 16. Rdd1 {Keeping the back rank well defended.} ({In case of} 16. Rd2
Qe6 17. Rxb7 Rfb8 $11 {White cannot maintain his initiative. The h4-bishop is
not too active, while the weakness of the light squares from White's camp is
an important strategic problem.}) 16... Qe6 17. Rxb7 Nd4 (17... Rfb8 {is less
effective with the back rank defended:} 18. Rc7 $5 Be4 19. Qa4 $14) 18. Rxd4
Bxb7 19. Bxc4 Qc6 20. Bd5 Qc7 21. Bg3 Qb6 22. Rb4 Bxd5 23. Rxb6 axb6 24. h4
Bxa2 25. Qe4 Rfe8 26. h5 {Nguyen Chi Minh (2381)-Dubessay,B (2325)/Mulhouse
2011/ (1-0, 74). For the small material deficit, White has some attacking
chances.}) 15... Qe6 {This is symptomatic of Black's general problems. He
keeps parrying immediate threats (in this case, e3-e4, eventually prepared by
f2-f3), while his development is incomplete.} 16. Bf3 $6 {It seems that
Gelfand was not ready to go all the way in this last game of the mini-match.
With his last move, he ensures the retrieval of the sacrificed pawn, but
deprives himself of realistic winning chances.} ({While looking at the game, I
thought that} 16. Qc3 $1 {was the critical situation, preparing a slow central
expansion with f2-f3 and e3-e4, sustained by the light-squared bishop after
its transfer to c2. Later, I discovered a game that was played along these
lines few weeks after the Candidates' matches:} Nd7 17. f3 Nb6 18. Rb5 (18. e4
$6 {would be premature because of} f5) (18. Rd2 {is not the best way to
prepare f3 and e4 because after} Rfc8 19. e4 $6 {Black has} Bxe4 20. fxe4 Qxe4
{with a double attack. For instance:} 21. Rxb6 axb6 22. Be1 b5 {with active
play.}) (18. Re1 $5 {is the move I considered initially:} f5 19. Bd1 $1 {
followed by Bc2 and e3-e4 soon.}) 18... f5 19. Rdb1 Rac8 20. Bd1 $1 Na8 21. Bc2
Nc7 22. Ra5 a6 23. e4 $1 {Played after thorough preparation, this move wins
material.} fxe4 24. fxe4 b5 ({The attempt to complicate matters with} 24... Qg4
25. Qe1 Rf4 {fails to} 26. Bg3 Rxe4 27. Bxe4 Qxe4 28. Qxe4 Bxe4 29. Re1 $36 {
followed by the rook's intrusion along the seventh rank.}) 25. exd5 $16 {
Kazhgaleyev,M (2618)-Vakhidov,J (2348)/Tashkent 2011/ (1-0, 38)}) 16... Bxf3
17. gxf3 Nd7 $1 {Finally developing this knight.} 18. Qe4 {Once again, the
safest move, weakening the defence of the c4-pawn. It is interesting that none
of the players is really interested in initiating the queen exchange. A
capture on e4 would strengthen White's centre, while Qxe6 would open the
f-file for the black rook.} (18. Rxb7 Rfb8 19. Rdb1 Rxb7 20. Rxb7 Rc8 $132 {
[%csl Gc4]}) 18... b6 $1 19. Rdc1 (19. Qxe6 $6 fxe6 20. Bxe7 $6 Rxf3) 19...
Rac8 20. Rb4 c3 21. Rb3 Nf6 {Finally forcing White to release the tension.} 22.
Qxe6 fxe6 23. Bxf6 (23. Rbxc3 Rxc3 24. Rxc3 Nd5 25. Rc6 Rxf3 26. Rxe6 $13) (23.
Bxf6 exf6 24. Rbxc3 Rxc3 25. Rxc3 Rf7 26. Rc6 Re7 27. f4 Kf7 28. Kg2 Rb7 $132 {
[%cal Gf7e7,Ge7d7,Gb6b5,Ga7a5] /\ ...Ke7-d7, ...b5, ...a5, etc.}) 1/2-1/2